000 00671cab a2200229 4500
001 ABS55060
008 090401t1996 xxu||||| |||| 00| 0 eng d
035 _a(Sirsi) u13884
041 _aeng
100 _aDavis, L.
245 _aHow to develop effective interviewing skills
260 _c1996
350 _a0
490 _aCSM (Chartered Surveyor Monthly)
_v5(7) April 1996, 31(1)
520 _aSuggests methods for conducting job interviews with tips for the employer.
650 _aINTERVIEWS
650 _aRECRUITMENT ISSUES
690 _aMANAGEMENT-BUSINESS MANAGEMENT-PROFESSIONAL PRACTICE
700 _aMcCall, A.
942 _n0
948 _c04/03/1997
999 _c8967
_d8967